000
00449nam a2200169Ia 4500
008
090711s9999 xx 000 0 und d
082
_b
204
100
_a
खरे नंदा
245
_a
संप्रति
260
_b
ग्रंथाली
_c
1999
300
_a
206
600
_a
खरे नंदा
630
_a
संप्रति
700
_a
खरे नंदा
730
_a
संप्रति
942
_c
BOOK
999
_c
335084
_d
335084